Digital Neural Networks
Αποθηκεύτηκε σε:
| Κύριος συγγραφέας: | |
|---|---|
| Μορφή: | Βιβλίο |
| Γλώσσα: | English |
| Δημοσίευση: |
Englewood Cliffs, N.J. :
PTR Prentice Hall,
c1993
|
| Σειρά: | Prentice Hall information and system science series
|
| Θέματα: | |
| Ετικέτες: |
Προσθήκη ετικέτας
Δεν υπάρχουν, Καταχωρήστε ετικέτα πρώτοι!
|
MARC
| LEADER | 00000nam a2200000 i 4500 | ||
|---|---|---|---|
| 001 | 1/59288 | ||
| 008 | 960122s1993 eng d | ||
| 020 | |a 0-13-612326-0 | ||
| 035 | |a 1995 |c ΔΑΡΖΕΝΤΑΣ |l 10046055 | ||
| 040 | |a GR-MY-UA |b gre |e aacr | ||
| 041 | 0 | |a eng | |
| 082 | 0 | |a 006.3 | |
| 100 | 1 | |a Kung, Sun Yuan. | |
| 245 | 1 | 0 | |a Digital Neural Networks / |c S.Y. Kung |
| 260 | |a Englewood Cliffs, N.J. : |b PTR Prentice Hall, |c c1993 | ||
| 300 | |a 444 p.; |c 24 cm. | ||
| 490 | 1 | |a Prentice Hall information and system science series | |
| 500 | |a Includes bibliographical references and index | ||
| 650 | 0 | 0 | |a Neural networks (Computer science) |
| 830 | 0 | |a Prentice Hall information and system science series | |
| 852 | |a INST |b SAMOS |e 19960122 |h 006.3 KUN |p 005300005000 |q 005300005000 |t BK |y 0 | ||
| 909 | |a Σ |b 042019 | ||